AIEE all india engineering /pharmacy/architecture entrance examination : (Record no. 136292)

MARC details
000 -LEADER
fixed length control field 00821nam a22002417a 4500
003 - CONTROL NUMBER IDENTIFIER
control field 0
005 - DATE AND TIME OF LATEST TRANSACTION
control field 20180723151528.0
008 - FIXED-LENGTH DATA ELEMENTS--GENERAL INFORMATION
fixed length control field 0
010 ## - LIBRARY OF CONGRESS CONTROL NUMBER
LC control number B-222878,B-222888
020 ## - INTERNATIONAL STANDARD BOOK NUMBER
Terms of availability 220.00
International Standard Book Number 8178120623
035 ## - SYSTEM CONTROL NUMBER
System control number B-222878
037 ## - SOURCE OF ACQUISITION
Source of stock number/acquisition Cen Lib/Ret
040 ## - CATALOGING SOURCE
Original cataloging agency DPL
Language of cataloging EN
Transcribing agency 0
082 ## - DEWEY DECIMAL CLASSIFICATION NUMBER
Classification number 000
Item number RGU
100 ## - MAIN ENTRY--PERSONAL NAME
Personal name Gupta, R
9 (RLIN) 2309
245 ## - TITLE STATEMENT
Title AIEE all india engineering /pharmacy/architecture entrance examination :
Statement of responsibility, etc by R. Gupta
Remainder of title previous years papers solved & practice test papers 2008 /
260 ## - PUBLICATION, DISTRIBUTION, ETC. (IMPRINT)
Place of publication, distribution, etc New Delhi
Name of publisher, distributor, etc Ramesh Publishing House
Date of publication, distribution, etc 2008
270 ## - ADDRESS
City New Delhi
Address 12-H, new dariya ganj
Postal code 110002
300 ## - PHYSICAL DESCRIPTION
Extent various pagings
Dimensions 23cm(Hb)
650 ## - SUBJECT ADDED ENTRY--TOPICAL TERM
Topical term or geographic name as entry element Entrance examination
9 (RLIN) 140364
650 ## - SUBJECT ADDED ENTRY--TOPICAL TERM
Topical term or geographic name as entry element Reasonings & numericals
General subdivision exercise question pper etc
9 (RLIN) 140365
942 ## - ADDED ENTRY ELEMENTS (KOHA)
Source of classification or shelving scheme Dewey Decimal Classification
Koha item type English Books
Classification part 000
Call number suffix RGU
Holdings
Withdrawn status Lost status Damaged status Not for loan Home library Current library Date acquired Source of acquisition Cost, normal purchase price Total Checkouts Full call number Barcode Date last seen Copy number Cost, replacement price Price effective from Koha item type Source of classification or shelving scheme Collection code
        Central Library Central Library 19/03/2016 Cen Lib/Ret 220.00   000 RGU B-222878 19/03/2016 1 220.00 19/03/2016 English Books    
        Diz Area Diz Area 23/07/2018 BPPD/PUB 220.00   000 RGU B-222888 23/07/2018   220.00 23/07/2018 English Books Dewey Decimal Classification Non-fiction

© Delhi Public Library
Hit Counter
free hit counter